Southville International School and Colleges
Your cart is empty.
  • Cart
  • Lists
    Public lists Eva Luna New books Lux_list list_1
    Your lists Log in to create your own lists
  • Log in to your account
  • Your cookies
  • Search history
Southville International School and Colleges
  • Advanced search
  • Recent comments
  • Most popular
  • Libraries

Log in to your account

Log in with GOOGLE


If you do not have an external account, but do have a local account, you can still log in:

  1. Home
  2. MARC view: 500 puzzles and games.
Normal view MARC view ISBD view

500 puzzles and games. (Record no. 112991)

[ view plain ]
MARC details
000 -LEADER
fixed length control field 00462nam a2200169 a 4500
001 - CONTROL NUMBER
control field 4060
005 - DATE AND TIME OF LATEST TRANSACTION
control field 20140414131958.0
008 - FIXED-LENGTH DATA ELEMENTS--GENERAL INFORMATION
fixed length control field 081215s19uu xx 00 eng d
020 ## - INTERNATIONAL STANDARD BOOK NUMBER
International Standard Book Number 1-85997-761-8
050 ## - LIBRARY OF CONGRESS CALL NUMBER
Classification number TR 793.7
Item number F58 2002
245 ## - TITLE STATEMENT
Title 500 puzzles and games.
260 ## - PUBLICATION, DISTRIBUTION, ETC. (IMPRINT)
Place of publication, distribution, etc Chichester, Wester Susex :
Name of publisher, distributor, etc Autumn,
Date of publication, distribution, etc c2002.
300 ## - PHYSICAL DESCRIPTION
Extent 1 v. (unpaged) : col., ill.
440 ## - SERIES STATEMENT/ADDED ENTRY--TITLE
Title Fun time for kids
650 ## - SUBJECT ADDED ENTRY--TOPICAL TERM
Topical term or geographic name as entry element Mathematical recreations.
Holdings
Withdrawn status Lost status Damaged status Home library Current library Shelving location Date acquired Source of acquisition Cost, normal purchase price Total Checkouts Full call number Barcode Date last seen Price effective from Koha item type
      Munich Library Munich Library Teachers Reference Section 12/15/2008   100.00   TR 793.7 F58 2002 M4420 04/14/2014 04/14/2014 Books

500 puzzles and games.

APA

(2002). 500 puzzles and games. Chichester, Wester Susex: Autumn.

Chicago

2002. 500 puzzles and games. Chichester, Wester Susex: Autumn.

Harvard

(2002). 500 puzzles and games. Chichester, Wester Susex: Autumn.

MLA

500 puzzles and games. Chichester, Wester Susex: Autumn. 2002.

  • Place hold
  • Print
  • Cite
  • Add to your cart (remove)
  • Save record
    BIBTEX Dublin Core MARCXML MARC (non-Unicode/MARC-8) MARC (Unicode/UTF-8) MARC (Unicode/UTF-8, Standard) MODS (XML) RIS
  • More searches
    Search for this title in:
    Other Libraries (WorldCat) Other Databases (Google Scholar) Online Stores (Bookfinder.com) Open Library (openlibrary.org)

Exporting to Dublin Core...

SOUTHVILLE LIBRARY

Southville International School and Colleges Library

1281 Tropical Ave. Cor. Luxembourg St., BF Homes International, Las Pinas City

Tel. No. 8256374 / 252358 Loc. 117/146

Powered by Koha